Panamá: las dos caras del desarrollo sostenible /
محفوظ في:
| المؤلف الرئيسي: | |
|---|---|
| التنسيق: | نص |
| الموضوعات: | |
| الوسوم: |
إضافة وسم
لا توجد وسوم, كن أول من يضع وسما على هذه التسجيلة!
|
MARC
| LEADER | 00000 a a2200000 04500 | ||
|---|---|---|---|
| 001 | 7473 | ||
| 003 | |||
| 040 | |||
| 100 | |a Herrera, Francisco | ||
| 245 | |a Panamá: |b las dos caras del desarrollo sostenible / |c Deborah Barry | ||
| 650 | |a DESARROLLO SUSTENTABLE | ||
| 650 | |a GOBIERNO | ||
| 650 | |a MEDIO AMBIENTE | ||
| 650 | |a SECTOR PRIVADO | ||
| 650 | |a PARTIDOS POLITICOS | ||
| 650 | |a ORGANIZACIONES NO GUBERNAMENTALES | ||
| 650 | |a POBREZA | ||
| 650 | |a DEMANDA DE CONSUMO | ||
| 650 | |a LIBERALIZACION DEL INTERCAMBIO | ||
| 773 | |g número 7; páginas 50-64 | ||
| 999 | |c 22618 |d 22618 | ||
